A E I O U: libro de castellano: primer año de educación básica

Salvato in:
Dettagli Bibliografici
Autori principali: Montes Brunet, Hugo (autor), Robledo, Clarina (Autore), Clerc, Teresa (Autore)
Altri autori: Orlandi Araya, Julio (autor)
Natura: Libro
Lingua:spagnolo
Pubblicazione: Santiago Del Pacífico 1975
Serie:Colección Montes y Orlandi
Soggetti:
Tags: Aggiungi Tag
Nessun Tag, puoi essere il primo ad aggiungerne!!

MARC

LEADER 00000nam a2200000 a 4500
001 UCY8920
003 CL-VaPUC
008 950707e19750300CL |||||||||||||||||spa|d
082 0 4 |a 372.4  |b MON  |2 21 
100 |a Montes Brunet, Hugo   |e autor  |9 416030 
700 |a Orlandi Araya, Julio  |e autor  |9 340607 
700 0 |a Robledo, Clarina  |e author  |9 340748 
700 0 |a Clerc, Teresa  |e author  |9 340749 
245 1 0 |a A E I O U: libro de castellano: primer año de educación básica 
300 |a 94 p 
942 |c BK 
945 |d 19950707 00:00:00  |a cmena 
260 |a Santiago  |b Del Pacífico  |c 1975 
650 0 |a Educación básica   |9 224933 
650 0 |a Métodos de enseñanza  |9 270413 
650 0 |a Enseñanza de la lectura  |9 308364 
650 0 |a Apresto lectoescritura  |9 309297 
583 |a last modification  |c 19950707 00:00:00  |k Rodrigo Vera 
490 0 |a Colección Montes y Orlandi 
999 |c 236098  |d 236096 
952 |0 0  |1 0  |4 0  |6 372_400000000000000_MON_1975  |7 0  |8 P  |9 243952  |a BIBEDU  |b BIBEDU  |c BIBEDU_PB  |d 2019-11-18  |i 1526820  |o 372.4 MON 1975  |p 1526820  |r 2024-01-25  |w 2019-11-18  |y BK  |k EDU